| 000 | 00488 a2200145 4500 | ||
|---|---|---|---|
| 005 | 20250505122651.0 | ||
| 020 | _a9987-449-17-4 | ||
| 082 | _aLECT 001.43 RWE | ||
| 100 | _aRWEGOSHORA, H. M. | ||
| 245 | _aA Guide To: Social Science Research | ||
| 260 |
_aDar es Salaam, _bMkuki na Nyota Publishers Ltd, _c2006. |
||
| 300 |
_axv, 288p.: ill.; picture, table. _breference. _c25cm. |
||
| 856 |
_yAccess Online Book. _fA Guide To: Social Science Research _dwww.mkukinanyota.com |
||
| 942 |
_2ddc _cBKS |
||
| 999 |
_c1928 _d1928 |
||